[Event "ODJM C 2023"]
[Site "Willingen GER"]
[Date "2023.05.31"]
[Round "6"]
[White "Neumeier, Leonhard"]
[Black "Sauer, Ben"]
[Result "1-0"]
[Termination "normal"]
[Board "4"]
[WhiteElo "1219"]
[BlackElo "1340"]
[WhiteClock "00:39:07"]
[BlackClock "00:23:33"]
[PlyCount "115"]
[WhiteFideId "34650822"]
[BlackFideId "34606866"]
[EventCountry "GER"]
[EventRounds "9"]
[EventType "swiss"]
[EventDate "2023.05.27"]

1. e4 {[%clk 01:30:58]} {[%emt 00:00:01]} c5 {[%clk 01:30:54]} {[%emt
00:00:06]} 2. Nf3 {[%clk 01:30:53]} {[%emt 00:00:36]} Nc6 {[%clk 01:31:08]}
{[%emt 00:00:15]} 3. d4 {[%emt 00:00:51]} cxd4 {[%clk 01:31:20]} {[%emt
00:00:07]} 4. Nxd4 {[%clk 01:30:40]} {[%emt 00:00:34]} e5 {[%clk 01:31:30]}
{[%emt 00:00:19]} 5. Nb5 {[%clk 01:30:26]} {[%emt 00:00:44]} a6 {[%clk
01:31:45]} {[%emt 00:00:15]} 6. Nd6+ {[%clk 01:30:02]} {[%emt 00:00:54]} Bxd6
{[%clk 01:32:08]} {[%emt 00:00:07]} 7. Qxd6 {[%clk 01:30:00]} {[%emt 00:00:33]}
Qf6 {[%clk 01:32:16]} {[%emt 00:00:21]} 8. Qd1 {[%clk 01:29:35]} {[%emt
00:00:56]} Nge7 {[%clk 01:30:37]} {[%emt 00:02:09]} 9. Nc3 {[%clk 01:28:37]}
{[%emt 00:01:27]} Qg6 {[%clk 01:29:14]} {[%emt 00:01:53]} 10. Be3 {[%clk
01:27:11]} {[%emt 00:01:56]} O-O {[%clk 01:22:46]} {[%emt 00:06:58]} 11. g3
{[%clk 01:24:00]} {[%emt 00:03:41]} Kh8 {[%clk 01:13:23]} {[%emt 00:09:54]} 12.
Bg2 {[%clk 01:19:55]} {[%emt 00:04:35]} f5 {[%clk 01:08:20]} {[%emt 00:05:33]}
13. exf5 {[%clk 01:08:17]} {[%emt 00:12:08]} Nxf5 {[%clk 01:06:02]} {[%emt
00:02:48]} 14. Be4 {[%clk 01:04:56]} {[%emt 00:03:51]} Nxe3 {[%clk 01:02:21]}
{[%emt 00:02:27]} 15. fxe3 {[%clk 01:03:01]} {[%emt 00:04:09]} Qh6 {[%clk
00:51:51]} {[%emt 00:10:59]} 16. Qe2 {[%clk 01:00:00]} {[%emt 00:03:27]} d6
{[%clk 00:49:55]} {[%emt 00:02:30]} 17. O-O-O {[%clk 00:56:21]} {[%emt
00:04:09]} Rd8 {[%clk 00:37:47]} {[%emt 00:12:37]} 18. g4 {[%clk 00:51:29]}
{[%emt 00:05:22]} Qg5 {[%clk 00:33:25]} {[%emt 00:04:52]} 19. h3 {[%clk
00:50:18]} {[%emt 00:01:41]} Be6 {[%clk 00:28:09]} {[%emt 00:05:46]} 20. a3
{[%clk 00:45:10]} {[%emt 00:05:38]} Rac8 {[%clk 00:27:01]} {[%emt 00:01:38]}
21. Kb1 {[%clk 00:42:13]} {[%emt 00:03:28]} Qe7 {[%clk 00:22:45]} {[%emt
00:04:45]} 22. Nd5 {[%clk 00:35:56]} {[%emt 00:06:47]} Bxd5 {[%clk 00:21:44]}
{[%emt 00:01:31]} 23. Bxd5 {[%clk 00:36:12]} {[%emt 00:00:14]} b5 {[%clk
00:19:44]} {[%emt 00:02:31]} 24. Qg2 {[%clk 00:35:09]} {[%emt 00:01:32]} Qc7
{[%clk 00:17:13]} {[%emt 00:03:02]} 25. Rhf1 {[%clk 00:34:46]} {[%emt
00:00:52]} Ne7 {[%clk 00:09:21]} {[%emt 00:08:23]} 26. Rf7 {[%clk 00:29:27]}
{[%emt 00:05:48]} Rf8 {[%clk 00:07:17]} {[%emt 00:02:34]} 27. Rxf8+ {[%clk
00:27:34]} {[%emt 00:02:23]} Rxf8 {[%clk 00:05:42]} {[%emt 00:02:06]} 28. Rf1
{[%clk 00:27:03]} {[%emt 00:01:01]} Rxf1+ {[%clk 00:05:30]} {[%emt 00:00:42]}
29. Qxf1 {[%clk 00:27:24]} {[%emt 00:00:09]} Qc8 {[%clk 00:05:09]} {[%emt
00:00:50]} 30. Qf3 {[%clk 00:26:13]} {[%emt 00:01:41]} Nxd5 {[%clk 00:05:18]}
{[%emt 00:00:21]} 31. Qxd5 {[%clk 00:26:33]} {[%emt 00:00:09]} Qb8 {[%clk
00:04:53]} {[%emt 00:00:55]} 32. Qc6 {[%clk 00:26:21]} {[%emt 00:00:43]} a5
{[%clk 00:05:01]} {[%emt 00:00:23]} 33. b4 {[%clk 00:26:06]} {[%emt 00:00:44]}
axb4 {[%clk 00:05:19]} {[%emt 00:00:12]} 34. axb4 {[%clk 00:26:26]} {[%emt
00:00:10]} Kg8 {[%clk 00:05:11]} {[%emt 00:00:37]} 35. Qd5+ {[%clk 00:26:26]}
{[%emt 00:00:31]} Kf8 {[%clk 00:05:12]} {[%emt 00:00:29]} 36. Kb2 {[%clk
00:25:35]} {[%emt 00:01:20]} Ke7 {[%clk 00:04:50]} {[%emt 00:00:53]} 37. g5
{[%clk 00:25:35]} {[%emt 00:00:30]} g6 {[%clk 00:04:40]} {[%emt 00:00:40]} 38.
h4 {[%clk 00:25:35]} {[%emt 00:00:30]} Qe8 {[%clk 00:04:14]} {[%emt 00:00:56]}
39. c4 {[%clk 00:24:47]} {[%emt 00:01:18]} bxc4 {[%clk 00:04:16]} {[%emt
00:00:28]} 40. Qxc4 {[%clk 00:25:00]} {[%emt 00:00:18]} Qb8 {[%clk 00:02:43]}
{[%emt 00:02:03]} 41. b5 {[%clk 00:25:10]} {[%emt 00:00:19]} Qb6 {[%clk
00:02:48]} {[%emt 00:00:24]} 42. e4 {[%clk 00:24:22]} {[%emt 00:01:19]} Qb7
{[%clk 00:02:01]} {[%emt 00:01:17]} 43. Kb3 {[%clk 00:24:07]} {[%emt 00:00:45]}
Qb8 {[%clk 00:29:04]} {[%emt 00:03:27]} 44. Qc6 {[%clk 00:53:05]} {[%emt
00:01:33]} Kd8 {[%clk 00:27:01]} {[%emt 00:02:32]} 45. b6 {[%clk 00:52:32]}
{[%emt 00:01:03]} Ke7 {[%clk 00:22:39]} {[%emt 00:04:52]} 46. Kc4 {[%clk
00:44:37]} {[%emt 00:08:25]} Kd8 {[%clk 00:22:03]} {[%emt 00:01:06]} 47. Kd5
{[%clk 00:42:31]} {[%emt 00:02:36]} Ke7 {[%clk 00:21:46]} {[%emt 00:00:47]} 48.
Kc4 {[%clk 00:37:29]} {[%emt 00:05:33]} Kd8 {[%clk 00:21:53]} {[%emt 00:00:22]}
49. Kb5 {[%clk 00:37:42]} {[%emt 00:00:17]} Ke7 {[%clk 00:21:06]} {[%emt
00:01:17]} 50. Qc7+ {[%clk 00:37:10]} {[%emt 00:01:01]} Qxc7 {[%clk 00:21:23]}
{[%emt 00:00:13]} 51. bxc7 {[%clk 00:37:33]} {[%emt 00:00:08]} Kd7 {[%clk
00:21:43]} {[%emt 00:00:10]} 52. Kb6 {[%clk 00:37:47]} {[%emt 00:00:16]} Kc8
{[%clk 00:22:01]} {[%emt 00:00:13]} 53. Kc6 {[%clk 00:38:03]} {[%emt 00:00:14]}
d5 {[%clk 00:22:25]} {[%emt 00:00:06]} 54. Kxd5 {[%clk 00:38:20]} {[%emt
00:00:12]} Kxc7 {[%clk 00:22:48]} {[%emt 00:00:07]} 55. Kxe5 {[%clk 00:38:20]}
{[%emt 00:00:30]} Kd7 {[%clk 00:23:00]} {[%emt 00:00:18]} 56. Kf6 {[%clk
00:38:38]} {[%emt 00:00:12]} Kd6 {[%clk 00:23:09]} {[%emt 00:00:21]} 57. e5+
{[%clk 00:38:48]} {[%emt 00:00:20]} Kd7 {[%clk 00:23:33]} {[%emt 00:00:06]} 58.
Kf7 {[%clk 00:39:07]} {[%emt 00:00:11]} 1-0

[Event "ODJM C 2023"]
[Site "Willingen GER"]
[Date "2023.05.31"]
[Round "6"]
[White "Beier, Martin"]
[Black "Schäfer, Amadeus"]
[Result "1-0"]
[Termination "normal"]
[Board "5"]
[WhiteElo "1346"]
[BlackElo "1274"]
[WhiteClock "00:48:39"]
[BlackClock "00:57:47"]
[PlyCount "65"]
[WhiteFideId "34631879"]
[BlackFideId "34660585"]
[EventCountry "GER"]
[EventRounds "9"]
[EventType "swiss"]
[EventDate "2023.05.27"]

1. e4 {[%emt 00:00:12]} c5 {[%clk 01:30:58]} 2. Nf3 {[%clk 01:31:10]} {[%emt
00:00:09]} d6 {[%clk 01:31:25]} {[%emt 00:00:04]} 3. d4 {[%clk 01:31:34]}
{[%emt 00:00:05]} cxd4 {[%clk 01:31:50]} {[%emt 00:00:05]} 4. Qxd4 {[%clk
01:31:58]} {[%emt 00:00:06]} Nc6 {[%clk 01:31:59]} {[%emt 00:00:22]} 5. Bb5
{[%clk 01:32:14]} {[%emt 00:00:13]} a6 {[%clk 01:31:38]} {[%emt 00:00:51]} 6.
Bxc6+ {[%clk 01:32:07]} {[%emt 00:00:37]} bxc6 {[%clk 01:31:32]} {[%emt
00:00:37]} 7. Nc3 {[%clk 01:30:36]} {[%emt 00:02:00]} c5 {[%clk 01:30:41]}
{[%emt 00:01:21]} 8. Qd3 {[%clk 01:29:53]} {[%emt 00:00:24]} Bb7 {[%clk
01:29:05]} {[%emt 00:02:55]} 9. Bg5 {[%clk 01:29:00]} {[%emt 00:01:21]} Qc7
{[%clk 01:28:48]} {[%emt 00:00:49]} 10. Rd1 {[%clk 01:27:22]} {[%emt 00:02:09]}
h6 {[%clk 01:25:11]} {[%emt 00:04:06]} 11. Bh4 {[%clk 01:26:32]} {[%emt
00:01:19]} g6 {[%clk 01:25:01]} {[%emt 00:00:41]} 12. O-O {[%clk 01:24:36]}
{[%emt 00:02:26]} Bg7 {[%clk 01:25:13]} {[%emt 00:00:18]} 13. Rfe1 {[%clk
01:24:17]} {[%emt 00:00:48]} Rd8 {[%clk 01:22:35]} {[%emt 00:03:08]} 14. Nd5
{[%clk 01:20:00]} {[%emt 00:04:48]} Bxd5 {[%clk 01:22:34]} {[%emt 00:00:31]}
15. exd5 {[%clk 01:20:19]} {[%emt 00:00:11]} Nf6 {[%clk 01:22:51]} {[%emt
00:00:12]} 16. Qxa6 {[%clk 01:20:33]} {[%emt 00:00:17]} g5 {[%clk 01:22:19]}
{[%emt 00:01:02]} 17. Bg3 {[%clk 01:20:28]} {[%emt 00:00:35]} O-O {[%clk
01:21:56]} {[%emt 00:00:54]} 18. Qd3 {[%clk 01:07:54]} {[%emt 00:13:02]} Qb7
{[%clk 01:21:45]} {[%emt 00:00:42]} 19. a3 {[%clk 01:04:33]} {[%emt 00:03:52]}
Rfe8 {[%clk 01:20:00]} {[%emt 00:02:14]} 20. b3 {[%clk 01:02:48]} {[%emt
00:02:15]} Nd7 {[%clk 01:18:45]} {[%emt 00:01:44]} 21. Nd2 {[%clk 01:02:07]}
{[%emt 00:01:12]} Be5 {[%clk 01:16:52]} {[%emt 00:02:23]} 22. Nc4 {[%clk
01:01:51]} {[%emt 00:00:44]} Bxg3 {[%clk 01:14:04]} {[%emt 00:03:20]} 23. hxg3
{[%clk 01:01:45]} {[%emt 00:00:37]} Nb6 {[%clk 01:14:11]} {[%emt 00:00:22]} 24.
Na5 {[%clk 01:01:31]} {[%emt 00:00:44]} Qc7 {[%clk 01:12:21]} {[%emt 00:02:20]}
25. Nc6 {[%clk 01:01:00]} {[%emt 00:01:00]} Rd7 {[%clk 01:12:39]} {[%emt
00:00:13]} 26. c4 {[%clk 00:54:25]} {[%emt 00:07:05]} Nc8 {[%clk 01:12:20]}
{[%emt 00:00:49]} 27. Qf5 {[%clk 00:53:14]} {[%emt 00:01:40]} Na7 {[%clk
01:09:42]} {[%emt 00:03:08]} 28. Na5 {[%clk 00:49:15]} {[%emt 00:03:58]} Rdd8
{[%clk 01:08:21]} {[%emt 00:02:23]} 29. b4 {[%clk 00:49:27]} {[%emt 00:00:18]}
Rb8 {[%clk 01:07:35]} {[%emt 00:01:16]} 30. Rb1 {[%clk 00:48:15]} {[%emt
00:01:40]} cxb4 {[%clk 01:03:46]} {[%emt 00:04:20]} 31. axb4 {[%clk 00:48:33]}
{[%emt 00:00:13]} Qc8 {[%clk 01:00:33]} {[%emt 00:03:43]} 32. Qxc8 {[%clk
00:48:44]} {[%emt 00:00:19]} Rbxc8 {[%clk 00:57:47]} {[%emt 00:04:59]} 33. b5
{[%clk 00:48:39]} {[%emt 00:00:39]} 1-0

[Event "ODJM C 2023"]
[Site "Willingen GER"]
[Date "2023.05.31"]
[Round "6"]
[White "Grunert, Greta"]
[Black "Türel, Tugce"]
[Result "0-1"]
[Termination "normal"]
[Board "7"]
[WhiteElo "1100"]
[BlackElo "1249"]
[WhiteClock "01:01:15"]
[BlackClock "00:13:46"]
[PlyCount "112"]
[WhiteFideId "16258649"]
[BlackFideId "26350602"]
[EventCountry "GER"]
[EventRounds "9"]
[EventType "swiss"]
[EventDate "2023.05.27"]

1. e4 {[%clk 01:30:57]} {[%emt 00:00:02]} e6 {[%clk 01:30:52]} {[%emt
00:00:08]} 2. d4 {[%clk 01:31:21]} {[%emt 00:00:07]} d5 {[%clk 01:31:18]}
{[%emt 00:00:04]} 3. Nd2 {[%clk 01:31:43]} {[%emt 00:00:08]} c5 {[%clk
01:31:32]} {[%emt 00:00:15]} 4. Ngf3 {[%clk 01:31:32]} {[%emt 00:00:41]} Nf6
{[%clk 01:31:47]} {[%emt 00:00:16]} 5. e5 {[%clk 01:31:33]} {[%emt 00:00:30]}
Nfd7 {[%clk 01:32:06]} {[%emt 00:00:10]} 6. Bb5 {[%clk 01:30:03]} {[%emt
00:01:59]} Qb6 {[%clk 01:30:26]} {[%emt 00:02:10]} 7. Bxd7+ {[%clk 01:29:33]}
{[%emt 00:01:01]} Bxd7 {[%clk 01:30:07]} {[%emt 00:00:49]} 8. c3 {[%clk
01:28:00]} {[%emt 00:02:03]} Nc6 {[%clk 01:30:11]} {[%emt 00:00:26]} 9. Qb3
{[%clk 01:26:31]} {[%emt 00:01:57]} cxd4 {[%clk 01:26:47]} {[%emt 00:03:56]}
10. Qxb6 {[%clk 01:26:32]} {[%emt 00:00:28]} axb6 {[%clk 01:27:11]} {[%emt
00:00:07]} 11. cxd4 {[%clk 01:26:34]} {[%emt 00:00:28]} Nb4 {[%clk 01:27:08]}
{[%emt 00:00:33]} 12. O-O {[%clk 01:23:50]} {[%emt 00:03:14]} Rxa2 {[%clk
01:21:20]} {[%emt 00:06:18]} 13. Rxa2 {[%clk 01:24:02]} {[%emt 00:00:18]} Nxa2
{[%clk 01:21:45]} {[%emt 00:00:05]} 14. Nb3 {[%clk 01:23:09]} {[%emt 00:01:23]}
Nb4 {[%clk 01:20:41]} {[%emt 00:01:30]} 15. Bg5 {[%clk 01:22:07]} {[%emt
00:01:29]} Be7 {[%clk 01:19:05]} {[%emt 00:02:12]} 16. Ra1 {[%clk 01:21:27]}
{[%emt 00:01:10]} Na6 {[%clk 01:13:31]} {[%emt 00:06:05]} 17. Rc1 {[%clk
01:17:48]} {[%emt 00:04:09]} Bxg5 {[%clk 01:11:13]} {[%emt 00:02:48]} 18. Nxg5
{[%clk 01:17:58]} {[%emt 00:00:20]} f6 {[%clk 01:10:47]} {[%emt 00:00:55]} 19.
exf6 {[%clk 01:17:46]} {[%emt 00:00:42]} gxf6 {[%clk 01:11:06]} {[%emt
00:00:11]} 20. Nf3 {[%clk 01:17:37]} {[%emt 00:00:33]} Bc6 {[%clk 01:10:52]}
{[%emt 00:00:51]} 21. Nbd2 {[%clk 01:16:55]} {[%emt 00:01:12]} Kd7 {[%clk
01:08:40]} {[%emt 00:02:42]} 22. Nf1 {[%clk 01:15:51]} {[%emt 00:01:34]} Kd6
{[%clk 01:03:30]} {[%emt 00:05:40]} 23. Ng3 {[%clk 01:15:40]} {[%emt 00:00:41]}
h5 {[%clk 00:56:23]} {[%emt 00:07:37]} 24. Nh4 {[%clk 01:14:41]} {[%emt
00:01:29]} Rg8 {[%clk 00:54:25]} {[%emt 00:02:28]} 25. Nxh5 {[%clk 01:13:36]}
{[%emt 00:01:35]} Rh8 {[%clk 00:54:18]} {[%emt 00:00:37]} 26. g4 {[%clk
01:13:54]} {[%emt 00:00:12]} f5 {[%clk 00:54:06]} {[%emt 00:00:42]} 27. h3
{[%emt 00:23:22]} Be8 {[%clk 00:31:49]} 28. Rc8 {[%clk 01:10:32]} {[%emt
00:03:46]} Kd7 {[%clk 00:31:59]} {[%emt 00:00:21]} 29. Ra8 {[%clk 01:10:06]}
{[%emt 00:00:56]} Nc7 {[%clk 00:32:04]} {[%emt 00:00:26]} 30. Rb8 {[%clk
01:09:23]} {[%emt 00:01:13]} Rh6 {[%clk 00:30:24]} {[%emt 00:02:04]} 31. Rxb7
{[%clk 01:08:55]} {[%emt 00:01:02]} Kc6 {[%clk 00:26:45]} {[%emt 00:04:10]} 32.
Rb8 {[%clk 01:07:15]} {[%emt 00:02:10]} Bxh5 {[%clk 00:26:07]} {[%emt
00:01:08]} 33. gxh5 {[%clk 01:07:32]} {[%emt 00:00:13]} Rxh5 {[%clk 00:26:25]}
{[%emt 00:00:12]} 34. Nf3 {[%clk 01:07:30]} {[%emt 00:00:28]} Rxh3 {[%clk
00:18:29]} {[%emt 00:08:30]} 35. Ne5+ {[%clk 01:07:16]} {[%emt 00:00:44]} Kb5
{[%clk 00:16:54]} {[%emt 00:02:03]} 36. Nd7 {[%clk 01:07:02]} {[%emt 00:00:45]}
Ka5 {[%clk 00:13:48]} {[%emt 00:03:37]} 37. Nxb6 {[%clk 01:06:14]} {[%emt
00:01:18]} Na6 {[%clk 00:12:56]} {[%emt 00:01:19]} 38. Rb7 {[%clk 01:06:20]}
{[%emt 00:00:16]} Rb3 {[%clk 00:13:12]} {[%emt 00:00:24]} 39. Nc4+ {[%clk
01:06:06]} {[%emt 00:00:43]} dxc4 {[%clk 00:13:23]} {[%emt 00:00:20]} 40. Re7
{[%clk 01:04:42]} {[%emt 00:01:15]} Rxb2 {[%clk 00:13:21]} {[%emt 00:01:10]}
41. Rxe6 {[%clk 01:05:03]} {[%emt 00:00:10]} c3 {[%clk 00:12:27]} {[%emt
00:01:25]} 42. Rc6 {[%clk 01:04:51]} {[%emt 00:00:37]} c2 {[%clk 00:12:43]}
{[%emt 00:00:17]} 43. Kg2 {[%clk 01:04:51]} {[%emt 00:00:30]} Nb4 {[%clk
00:12:32]} {[%emt 00:00:41]} 44. Rc5+ {[%clk 01:04:37]} {[%emt 00:00:43]} Kb6
{[%clk 00:12:44]} {[%emt 00:00:19]} 45. Kf3 {[%clk 01:00:14]} {[%emt 00:04:53]}
Nd3 {[%clk 00:12:56]} {[%emt 00:00:18]} 46. Rc3 {[%clk 00:58:46]} {[%emt
00:01:58]} c1=Q {[%clk 00:12:55]} {[%emt 00:00:31]} 47. Rxc1 {[%clk 00:59:12]}
{[%emt 00:00:05]} Nxc1 {[%clk 00:13:18]} {[%emt 00:00:07]} 48. Ke3 {[%clk
00:59:11]} {[%emt 00:00:29]} f4+ {[%clk 00:13:15]} {[%emt 00:00:34]} 49. Ke4
{[%clk 00:59:08]} {[%emt 00:00:33]} Rxf2 {[%clk 00:13:31]} {[%emt 00:00:15]}
50. Kd5 {[%clk 00:59:27]} {[%emt 00:00:09]} Rh2 {[%clk 00:13:15]} {[%emt
00:00:46]} 51. Kc4 {[%clk 00:59:44]} {[%emt 00:00:12]} f3 {[%clk 00:13:20]}
{[%emt 00:00:27]} 52. Kd5 {[%clk 01:00:00]} {[%emt 00:00:14]} f2 {[%clk
00:13:40]} {[%emt 00:00:10]} 53. Ke5 {[%clk 01:00:16]} {[%emt 00:00:11]} f1=Q
{[%clk 00:13:46]} {[%emt 00:00:26]} 54. Kd5 {[%clk 01:00:37]} {[%emt 00:00:07]}
Qf5+ {[%clk 00:13:48]} {[%emt 00:00:30]} 55. Kc4 {[%clk 01:00:59]} {[%emt
00:00:08]} Qb5+ {[%clk 00:13:27]} {[%emt 00:00:52]} 56. Kc3 {[%clk 01:01:15]}
{[%emt 00:00:13]} Qb3# {[%clk 00:13:46]} {[%emt 00:00:10]} 0-1

[Event "ODJM C 2023"]
[Site "Willingen GER"]
[Date "2023.05.31"]
[Round "6"]
[White "Weinberger, Maxim"]
[Black "Tarasenko, Ruslan"]
[Result "1-0"]
[Termination "normal"]
[Board "8"]
[WhiteElo "1310"]
[BlackElo "1087"]
[WhiteClock "01:06:52"]
[BlackClock "00:59:14"]
[PlyCount "37"]
[WhiteFideId "16290330"]
[BlackFideId "34166343"]
[EventCountry "GER"]
[EventRounds "9"]
[EventType "swiss"]
[EventDate "2023.05.27"]

1. e4 {[%clk 01:30:59]} e5 {[%clk 01:30:56]} {[%emt 00:00:04]} 2. Nc3 {[%clk
01:31:25]} {[%emt 00:00:05]} Nf6 {[%clk 01:30:25]} {[%emt 00:01:01]} 3. f4
{[%clk 01:31:08]} {[%emt 00:00:46]} d6 {[%clk 01:21:59]} {[%emt 00:08:57]} 4.
Nf3 {[%clk 01:29:52]} {[%emt 00:01:46]} Nc6 {[%clk 01:18:57]} {[%emt 00:03:32]}
5. Be2 {[%clk 01:27:32]} {[%emt 00:02:49]} exf4 {[%clk 01:13:42]} {[%emt
00:05:45]} 6. O-O {[%clk 01:25:13]} {[%emt 00:02:49]} Qe7 {[%clk 01:11:25]}
{[%emt 00:02:47]} 7. d3 {[%clk 01:24:40]} {[%emt 00:01:03]} Bd7 {[%clk
01:09:23]} {[%emt 00:02:32]} 8. Bxf4 {[%clk 01:24:06]} {[%emt 00:01:04]} h6
{[%clk 01:09:17]} {[%emt 00:00:36]} 9. Bg3 {[%clk 01:11:48]} {[%emt 00:12:49]}
g5 {[%clk 01:06:37]} {[%emt 00:03:10]} 10. Nd5 {[%clk 01:08:46]} {[%emt
00:03:30]} Nxd5 {[%clk 01:06:07]} {[%emt 00:01:01]} 11. exd5 {[%clk 01:08:53]}
{[%emt 00:00:23]} Nd4 {[%clk 01:05:08]} {[%emt 00:01:30]} 12. Nxd4 {[%clk
01:08:30]} {[%emt 00:00:53]} Qe3+ {[%clk 01:05:28]} {[%emt 00:00:09]} 13. Bf2
{[%clk 01:08:52]} {[%emt 00:00:08]} Qe5 {[%clk 01:03:26]} {[%emt 00:02:32]} 14.
Bf3 {[%clk 01:08:15]} {[%emt 00:01:07]} O-O-O {[%clk 01:03:39]} {[%emt
00:00:18]} 15. Re1 {[%clk 01:08:27]} {[%emt 00:00:17]} Qg7 {[%clk 01:03:49]}
{[%emt 00:00:19]} 16. Bg4 {[%clk 01:07:29]} {[%emt 00:01:29]} Kb8 {[%clk
01:00:54]} {[%emt 00:03:25]} 17. Bxd7 {[%clk 01:07:34]} {[%emt 00:00:26]} h5
{[%clk 01:00:21]} {[%emt 00:01:02]} 18. Qe2 {[%clk 01:07:10]} {[%emt 00:00:55]}
a5 {[%clk 00:59:14]} {[%emt 00:01:37]} 19. Nb5 {[%clk 01:06:52]} {[%emt
00:00:48]} 1-0

[Event "ODJM C 2023"]
[Site "Willingen GER"]
[Date "2023.05.31"]
[Round "6"]
[White "Böker, Maximilian"]
[Black "Geschke, Jonathan"]
[Result "1-0"]
[Termination "normal"]
[Board "9"]
[WhiteElo "969"]
[BlackElo "1258"]
[WhiteClock "00:54:09"]
[BlackClock "01:04:23"]
[PlyCount "50"]
[WhiteFideId "34623868"]
[BlackFideId "34636129"]
[EventCountry "GER"]
[EventRounds "9"]
[EventType "swiss"]
[EventDate "2023.05.27"]

1. e4 {[%clk 01:30:58]} {[%emt 00:00:01]} e5 {[%clk 01:30:56]} {[%emt
00:00:05]} 2. Nf3 {[%clk 01:31:25]} {[%emt 00:00:03]} Nc6 {[%clk 01:31:21]}
{[%emt 00:00:06]} 3. Bc4 {[%clk 01:31:50]} {[%emt 00:00:04]} Nf6 {[%clk
01:31:44]} {[%emt 00:00:06]} 4. Ng5 {[%clk 01:32:13]} {[%emt 00:00:08]} d5
{[%clk 01:32:05]} {[%emt 00:00:10]} 5. exd5 {[%clk 01:32:38]} {[%emt 00:00:04]}
Na5 {[%clk 01:32:29]} {[%emt 00:00:06]} 6. Bb5+ {[%clk 01:33:02]} {[%emt
00:00:06]} c6 {[%clk 01:32:54]} {[%emt 00:00:06]} 7. dxc6 {[%clk 01:33:18]}
{[%emt 00:00:13]} bxc6 {[%clk 01:33:17]} {[%emt 00:00:07]} 8. Be2 {[%clk
01:33:29]} {[%emt 00:00:18]} h6 {[%clk 01:33:42]} {[%emt 00:00:06]} 9. Nf3
{[%clk 01:32:07]} {[%emt 00:01:51]} e4 {[%clk 01:34:05]} {[%emt 00:00:07]} 10.
Ng1 {[%clk 01:31:23]} {[%emt 00:01:14]} Bd6 {[%clk 01:32:57]} {[%emt 00:01:39]}
11. d3 {[%clk 01:26:50]} {[%emt 00:05:03]} exd3 {[%clk 01:31:45]} {[%emt
00:01:43]} 12. Bxd3 {[%clk 01:24:23]} {[%emt 00:02:56]} O-O {[%clk 01:29:54]}
{[%emt 00:02:22]} 13. Ne2 {[%clk 01:18:22]} {[%emt 00:06:31]} Re8 {[%clk
01:29:02]} {[%emt 00:01:22]} 14. O-O {[%clk 01:17:32]} {[%emt 00:01:19]} Bxh2+
{[%clk 01:13:51]} {[%emt 00:15:42]} 15. Kxh2 {[%clk 01:10:10]} {[%emt
00:07:51]} Ng4+ {[%clk 01:13:03]} {[%emt 00:01:18]} 16. Kg1 {[%clk 01:09:42]}
{[%emt 00:00:58]} Qh4 {[%clk 01:10:53]} {[%emt 00:02:41]} 17. Bf4 {[%clk
01:09:57]} {[%emt 00:00:14]} g5 {[%clk 01:09:06]} {[%emt 00:02:18]} 18. Bg3
{[%clk 01:09:56]} {[%emt 00:00:31]} Qh5 {[%emt 00:10:45]} 19. Nd4 {[%clk
00:59:54]} {[%emt 00:00:01]} c5 {[%clk 01:07:27]} {[%emt 00:02:25]} 20. Nf5
{[%clk 00:58:46]} {[%emt 00:01:35]} Nc4 {[%clk 01:04:28]} {[%emt 00:03:33]} 21.
Qxg4 {[%clk 00:54:11]} {[%emt 00:05:04]} Qxg4 {[%clk 01:03:40]} {[%emt
00:01:18]} 22. Nxh6+ {[%clk 00:54:37]} {[%emt 00:00:04]} Kg7 {[%clk 01:03:53]}
{[%emt 00:00:14]} 23. Nxg4 {[%clk 00:54:52]} {[%emt 00:00:17]} Nxb2 {[%clk
01:04:14]} {[%emt 00:00:10]} 24. Be5+ {[%clk 00:54:59]} {[%emt 00:00:23]} Kf8
{[%clk 01:04:03]} {[%emt 00:00:39]} 25. Bxb2 {[%clk 00:54:09]} {[%emt
00:01:21]} Bxg4 {[%clk 01:04:23]} {[%emt 00:00:10]} 1-0